Quizzes
Events
Quiz Creation
Community
Videos
Private Events
Remove Ads
Sign In
Join for FREE
Feedback
Dark Mode
Quiz Categories
Sports
Geography
Music
Movies
Television
Just For Fun
Miscellaneous
History
Literature
Language
Science
Gaming
Entertainment
Religion
Holiday
For Kids
Quiz Lab
Recent
Popular Today
Quiz Kudos Today
Editor Picks
Curator Picks
Quizzes by...
Day
Popularity
Type
Ratings
Length
Year
Community
Subscriptions
Recent Discussions
Orange Saloon
Badges
Playlists
Quests
Create
Leaderboards
Showdown
Live 5
Trivia Bingo
Activity
Puzzle Library
Sporcle Events
Private Events
Virtual Trivia
Globe League
Become a Host
Pub Owners
SporcleCon
Opinionation
Our Games
Videos
Blog
Mobile Apps
Partnerships
Remove Ads and Go Orange
Feedback
Music
Pop Music
The Beatles
Song
Album
Lyrics
Bands
Singers
Artist
Clip
Rock
Rap
Classical
Billboard
Country Music
Kpop
Taylor Swift
Music
Pop Music
The Beatles
Song
Album
Lyrics
Bands
Singers
Artist
Clip
Rock
Rap
Classical
Billboard
Country Music
Kpop
Taylor Swift
Random Quiz
Search Sporcle
×
Quiz Lab
Quiz Lab
Music
Lyrics
Type in answers that appear in a list
Type in answers that appear in a list
Classic
Best Score? Go Orange.
Guess the Funeral For A Friend song Stats
Can you name the lyrics to this random Funeral For A Friend song?
By
betweenthebars
10m
143 Questions
120 Plays
120 Plays
120 Plays
Comments
Comments
Give Quiz Kudos
Give Quiz Kudos
-
- Ratings
hide this ad
Replay
Link that replays current quiz
Next Quiz
Link to next quiz in quiz playlist
You Got
0%
They Got
Avg Score
38%
Avg Friend Score
Upgrade to see
Score Distribution
Jump to the score distribution portion of the page
Score
0/143
Timer
10:00
0
Plays Today
% Correct
the
93.3%
and
93.3%
a
93.3%
and
93.3%
and
93.3%
a
93.3%
the
93.3%
the
93.3%
the
93.3%
the
93.3%
a
93.3%
the
93.3%
the
93.3%
the
93.3%
the
93.3%
I
91.7%
you
79.2%
you
79.2%
you
79.2%
You
79.2%
you
79.2%
You
79.2%
you
79.2%
to
62.5%
to
62.5%
is
61.7%
in
61.7%
in
61.7%
in
61.7%
is
61.7%
in,
61.7%
in,
61.7%
Your
58.3%
your
58.3%
me
58.3%
me
58.3%
your
58.3%
your
58.3%
your
58.3%
we
54.2%
we
54.2%
we
54.2%
on
50%
for
45%
for
45%
for
45%
this
42.5%
This
42.5%
% Correct
this
42.5%
this
42.5%
this
42.5%
way
38.3%
see
35.8%
us
35%
out,
35%
out,
35%
out,
35%
us.
35%
out,
35%
out.
35%
out.
35%
out.
35%
It's
34.2%
them,
34.2%
All
34.2%
them,
34.2%
Go!
33.3%
of
32.5%
of
32.5%
say,
31.7%
nothing
28.3%
nothing,
28.3%
(chorus)
28.3%
(chorus)
28.3%
black
27.5%
tune
25.8%
tune
25.8%
lie
25.8%
tune
25.8%
tune
25.8%
tune
25.8%
tune
25.8%
tune
25.8%
tune
25.8%
lie,
25.8%
lie.
25.8%
You're
25.8%
You're
25.8%
white
25%
think
25%
****
25%
****
25%
movie
22.5%
than
20.8%
under.
20%
screen,
20%
% Correct
drop
20%
drop
20%
(post-hardcore riff)
20%
constant
19.2%
constant
19.2%
more
19.2%
queen.
18.3%
Stop
18.3%
disregard,
17.5%
but
17.5%
country
17.5%
get
17.5%
get
17.5%
second,
16.7%
aggravation.
15.8%
Tell
15.8%
home
15.8%
something
15.8%
life.
15.8%
system,
15%
system,
15%
before
12.5%
before
12.5%
momentum
11.7%
between
11.7%
Shove,
10.8%
drags
10.8%
truths
10.8%
lines.
10.8%
starvation
10%
which
10%
intuition,
10%
****
10%
****
10%
align.
9.2%
show
8.3%
Progress
8.3%
ladder
8.3%
rest
8.3%
rest
8.3%
Hopeless
6.7%
alternative
5.8%
raped
5%
climbing
3.3%
audience
0.8%
audience
0.8%
existence.
0.8%
Quiz Playlist
Details
Report
Send in Message
Add To Playlist
Classic:
Type in answers that appear in a list
Last Updated: Feb 16, 2017
Quiz Scoreboard
CHALLENGE
Sign Up to Join the Scoreboard
Show All
Scores
Hide
Comments
May contain spoilers
Recently Published
9x9 Crossword: Cartoon Network
by jackfrog10
Miscellaneous
3m
College Basketball Coaching Resumes
by pancakes188
Sports
9m
Billboard Blitz: Fleetwood Mac
by CooCooCachoo
Music
15s
More to Explore
Quiz From the Vault
Featured Blog Post
Where Did the Easter Bunny Come From?
hide this ad
You Might Also Like...
Tags
Lyrics Quiz
Rock Quiz
emo
hardcore
Mystery Song
Today's Top Quizzes in Music
Browse Music
hide this ad
Today's Top Quizzes in Lyrics
Browse Lyrics
Top Contributed Quizzes in Music
1
Taylor Swift All Songs (2024)
2
Guess the Artist- 70s Songs
3
7-to-1: Billboard Hot 100 #1 Hits of 2010s
4
Sorting Albums and Songs
5
Taylor Swift Logic Puzzle
6
KPOP LOGIC QUIZ
7
Guess the Taylor Swift song (Mystery Song)
8
Guess The Taylor Swift Lyrics Song #1
9
Billboard Blitz: ABBA
10
One Thing in Common: Music
Explore More
Trending Topics
Disney
Crossword
Harry Potter
Anime
NBA
Kpop
Marvel
Puzzle
NFL
Country
WWE
Soccer
Song
The Office
Pokémon
hide this ad
More By:
betweenthebars
Quiz
Plays
Rating
Category
Featured
Created
Five Star Emo
234
4.00
Music
Dec 5, 2012
Guess the Funeral For A Friend song
120
Music
Dec 1, 2012
Go to Creator's Profile
Score Distribution
Quiz Creator Spotlight
betweenthebars
Follow
Send a Message
Quizzes Created
-
Created Quiz Play Count
-
More By This Creator
Popular Quizzes Today
1
Find the US States - No Outlines Minefield
2
Find the Countries of Europe - No Outlines Minefield
3
The Countries of the World
4
Find the US States
5
Risky Map Clicking: Biggest States A-Z
6
US States
7
Popular People in 1961
8
Movies - When Are They Set?
More Music Quizzes
Musical Men by Image A-Z III
Published
Trending Quizzes
Risky Map Clicking: Least Populous States A-Z
1-10 Letter G Words
1-10 Letter F Words
Risky Map Clicking: Next State Alphabetically
Adjectives in 80s TV Shows
Recently Updated
Leaping Animals
pecheneg
Reality TV Shows (A-Z)
bhenderson79
Rickey Henderson's Hall of Fame Teammates
pecheneg
Champions League XIs: Arsenal
pecheneg
Quick Pick: Celebrities in WWE's Hall of Fame
aduchscher
A-Z Keypad Blitz II
pecheneg
Multiple Oscar Actors
pecheneg
Mystery Phrase Blitz: Oscar 'Best Actors'
pecheneg
F. Scott Fitzgerald Novels
LTH
Pick 3 Villains
ddd62291
Trending Topics
Marvel
Harry Potter
Anime
Crossword
NBA
Disney
Kpop
NFL
WWE
Country
Soccer
Pokémon
Song
Puzzle
The Office
Your Account Isn't Verified!
In order to create a playlist on Sporcle, you need to verify the email address you used during registration. Go to your
Sporcle Settings
to finish the process.
Report this User
Report this user for behavior that violates our
Community Guidelines
.
Details:
Send Report
Go to the Sporcle.com Mobile Site →
Comments